El Transporte de personas

Plantea algunas directrices de carácter teórico como un primer esbozo de investigación sobre el transporte de personas en Centroamérica - pone énfasis en la reproducción de la fuerza de trabajo en relación con el problema de transporte de productos y personas (fenómeno de la circulación como fenómen...

Ful tanımlama

Kaydedildi:
Detaylı Bibliyografya
Yazar: Tossatti, Alessandro
Materyal Türü: Metin
Baskı/Yayın Bilgisi: San José: CSUCA
Etiketler: Etiketle
Etiket eklenmemiş, İlk siz ekleyin!

MARC

LEADER 00000 a a2200000 04500
001 20635
003
040
090 |a 087200  
100 |a Tossatti, Alessandro  
245 |a El Transporte de personas  
260 |a San José:   |b CSUCA  
300 |a 27 p  
520 |a Plantea algunas directrices de carácter teórico como un primer esbozo de investigación sobre el transporte de personas en Centroamérica - pone énfasis en la reproducción de la fuerza de trabajo en relación con el problema de transporte de productos y personas (fenómeno de la circulación como fenómeno material y como momento económico). Desarrolla algunos elementos históricos hasta llegar a ubicar el elemento de la circulación en la actualidad, en su relación centro - periferia. Pretende determinar la incidencia de la división social del trabajo sobre la circulación material  
999 |c 10780  |d 10780